000
00303nam a2200109 4500
008
160624b xxu||||| |||| 00| 0 eng d
100
_9
970
_a
Irmscher, W. F
245
_a
The Holt Guide to English
260
_a
N.Y
_b
Holt,Rinehart & Winston
_c
1976
300
_a
The Holt Guide to English
942
_2
ddc
_c
BK
999
_c
772
_d
772